000 00328nam a2200133Ia 4500
008 240624s9999 xx 000 0 und d
041 _aeng
082 _a121 AUD
100 _aAUDI ROBERT
245 _aEPISTEMOLOGY A CONTEMPORARY INTRODUCTION
260 _c2010
_aNew York
_bRoutledge
300 _a432 : p.
365 _cBPS
_b28
999 _c21430
_d21430